European Airlines - Statistics

General Stats
  • This quiz has been taken 140 times
  • The average score is 36 of 64
Answer Stats
Country Name Answer % Correct
United Kingdom British Airways
94%
France Air France
93%
Germany Lufthansa
92%
Austria Austrian
89%
Denmark Scandinavian Airlines
88%
Norway Scandinavian Airlines
88%
Sweden Scandinavian Airlines
88%
Spain Iberia
87%
Ireland Ryanair
87%
Netherlands KLM
86%
Italy Alitalia
83%
Portugal TAP Portugal
83%
Ireland Aer Lingus
82%
Finland Finnair
82%
Austria Easyjet
81%
Switzerland Easyjet
81%
United Kingdom Easyjet
81%
Iceland Icelandair
80%
Poland LOT Polish Airlines
80%
Turkey Turkish Airlines
80%
Switzerland Swiss
78%
Norway Norwegian Air Shuttle
73%
Greece Aegean Airlines
69%
Belguim Brussels Airlines
68%
Malta Air Malta
67%
Austria Eurowings
66%
Germany Eurowings
66%
Latvia Air Baltic
65%
Hungary Wizz Air
63%
Luxembourg Luxair
60%
Romania TAROM
58%
Spain Vueling
58%
Turkey Pegasus Airlines
57%
Belguim TUIfly
54%
Denmark TUIfly
54%
France TUIfly
54%
Germany TUIfly
54%
Netherlands TUIfly
54%
Sweden TUIfly
54%
United Kingdom TUIfly
54%
Spain Air Europa
48%
United Kingdom Flybe
46%
France Transavia
46%
Netherlands Transavia
46%
United Kingdom Virgin Atlantic
46%
Iceland WOW
46%
Croatia Croatia Airlines
45%
United Kingdom Jet2
45%
Germany Condor
33%
Italy Air Italy
32%
Slovenia Adria Airways
29%
United Kingdom Thomas Cook Airlines
29%
Greece Olympic Air
28%
Turkey SunExpress
25%
Spain Volotea
23%
Spain LEVEL
22%
Romania Blue Air
18%
Germany Germania
17%
France Air Caraïbes
14%
Cyprus Cobalt Air
14%
Italy Meridiana
14%
Ireland Cityjet
11%
Lativa Primera Air
7%
France Aigle Azur
6%
No matching quizzes found
Score Distribution
Percent of People with Each Score
Percentile by Number Answered
Your Score History
You have not taken this quiz